[Event "Seefeld op"]
[Site "Seefeld"]
[Date "1996.??.??"]
[Round "?"]
[White "Mattick, Lutz"]
[Black "Russ, Colin"]
[Result "1-0"]
[WhiteElo "2275"]
[BlackElo "1845"]

1.d4 Nf6 2.Nf3 d5 3.c4 dxc4 4.e3 e6 5.Bxc4 c5 6.Qe2 a6 7.dxc5 Bxc5 8.O-O b5
9.Bd3 Nbd7 10.a4 b4 11.e4 Bb7 12.Bg5 h6 13.Bh4 Qc7 14.Bg3 Qd8 15.Nbd2 Nh5
16.Rac1 Nxg3 17.hxg3 O-O 18.e5 Rc8 19.Rfd1 a5 20.Ne4 Bd5 21.Bc4 Qe7 22.Bxd5 exd5
23.Nxc5 Nxc5 24.Qb5 Qa7 25.Nd4 Ne6 26.Nc6 Rxc6 27.Rxc6 Nd4 28.Qxd5 Nxc6 29.Qxc6 Qb8
30.e6 fxe6 31.Qxe6+ Kh8 32.Rd7  1-0

[Event "Seefeld op"]
[Site "Seefeld"]
[Date "1996.??.??"]
[Round "?"]
[White "Schulz, Rainer"]
[Black "Raetsky, Alexander"]
[Result "1/2-1/2"]
[WhiteElo "2255"]
[BlackElo "2455"]

1.d4 d5 2.Nf3 Nf6 3.c4 dxc4 4.e3 e6 5.Bxc4 c5 6.O-O a6 7.dxc5 Bxc5 8.Qxd8+ Kxd8
9.Nbd2 Nbd7 10.Nb3 Bd6 11.Rd1 Ke7 12.Bd2 b6 13.Rac1 Bb7 14.Be2 Rhc8 15.Nfd4 g6
16.Rxc8 Rxc8 17.Rc1 Rxc1+ 18.Nxc1 e5 19.Ndb3 Ne4 20.Be1 f5 21.Nd3 Nef6 22.Nb4 a5
23.Nc2 Bd5 24.Na3 Ne4 25.Bb5 Bxa3 26.bxa3 Ndc5 27.f3 Nd6 28.Nxc5 Nxb5 29.Na4 Nxa3
30.Nxb6 Bxa2  1/2-1/2

[Event "Sheffield"]
[Site "Sheffield"]
[Date "1996.??.??"]
[Round "2"]
[White "Poulton, James"]
[Black "Shaw, John"]
[Result "1/2-1/2"]
[WhiteElo "2350"]
[BlackElo "2355"]

1.d4 d5 2.Nf3 Nf6 3.c4 dxc4 4.e3 e6 5.Bxc4 c5 6.O-O a6 7.Qe2 b5 8.Bd3 cxd4
9.exd4 Nc6 10.Nc3 Be7 11.Rd1 Nb4 12.Bb1 Bb7 13.a4 O-O 14.Bg5 bxa4 15.Ne5 a5
16.Nxa4 Qd5 17.f3 Qd8 18.Nc5 Bd5 19.Qb5 Qc7 20.Rc1 Rfb8 21.Qe2 Qa7 22.Qf2 Rc8
23.Ra3 Rc7 24.Ned3 Nxd3 25.Rxd3 Rac8 26.Rdc3 Ne8 27.Bxe7 Rxe7 28.f4 g6 29.Qh4 Rec7
30.Kh1 Qa8 31.Qf2 Nd6 32.Bd3 Nb7 33.h4 Nxc5 34.dxc5 Be4 35.Kh2 Bxd3 36.Rxd3 Qe4
37.Rd4 Qf5 38.Rdc4 e5 39.Qc2 Qxc2 40.R1xc2 exf4 41.c6 f5 42.Kg1 Kf7 43.Kf2 h6
44.Rc5 Kf6 45.Ke2 Re8+ 46.Kf3 Re3+ 47.Kf2 Re6 48.Kf3 g5 49.hxg5+ hxg5 50.R2c3 Re4
51.Rxa5 g4+ 52.Kf2 Rce7 53.Ra1 g3+ 54.Kf1 Rh7 55.Kg1 Re8 56.Rac1 Rhe7 57.Kf1 Rh7  1/2-1/2

[Event "Sheffield"]
[Site "Sheffield"]
[Date "1996.??.??"]
[Round "6"]
[White "Buckley, Graeme"]
[Black "Shaw, John"]
[Result "1/2-1/2"]
[WhiteElo "2385"]
[BlackElo "2355"]

1.d4 d5 2.c4 dxc4 3.Nf3 Nf6 4.e3 e6 5.Bxc4 c5 6.O-O a6 7.Bb3 Nc6 8.Qe2 b6
9.Rd1 Qc7 10.e4 cxd4 11.e5 Nd7 12.Bf4 Bb7 13.Nbd2 d3 14.Qxd3 Nc5 15.Qe3 Nxb3
16.Nxb3 Be7 17.Bg5 Bxg5 18.Qxg5 O-O 19.Rac1 Rfd8 20.Re1 Rd3 21.Nbd2 Qd8 22.Nc4 Nb4
23.Nd6 Bxf3 24.Qf4 f6 25.gxf3 fxe5 26.Qf7+ Kh8 27.Ne4 Qe8 28.Rc7 Qxf7 29.Rxf7 Kg8
30.Re7 Nc6 31.Rb7 Nd4 32.Re3 Nxf3+ 33.Kg2 Nh4+ 34.Kh3 Rxe3+ 35.fxe3 Nf5 36.Rxb6 Nxe3
37.Rxe6 Nd5 38.Kg4 Nf4 39.Rxe5 Nd3 40.Re7 Nxb2 41.Ng3 Rf8 42.Ra7 Rf6 43.Ne4 Rg6+
44.Ng5 Kf8 45.Kf5 Rf6+ 46.Ke5 Nd3+ 47.Kd4 Rd6+ 48.Kc4 h6 49.Ne4 Ne5+ 50.Kc5 Rg6
51.Nd6 Rg5 52.Ne4 Rg4 53.Kd5 Nc6 54.Ra8+ Ke7 55.a3 Rg6 56.Kc5 Re6 57.Nc3 Ne5
58.Kd5 Nd7 59.Kd4 Kf6 60.Nd5+ Kg5 61.Nc7 Rd6+ 62.Ke3 Nc5 63.Re8 Rd3+ 64.Ke2 Rc3
65.Re5+ Kf4 66.Rxc5 Rxa3 67.Rc2 Kg4 68.Ne6 g5 69.Nd4 Kh3 70.Rc6 h5 71.Rc5 Ra2+
72.Ke3 Ra3+ 73.Ke4 Kxh2 74.Rxg5  1/2-1/2

[Event "Soest op"]
[Site "Soest"]
[Date "1996.??.??"]
[Round "9"]
[White "Hofman, Ron"]
[Black "Jonkman, Harmen"]
[Result "1/2-1/2"]
[WhiteElo "2245"]
[BlackElo "2325"]

1.d4 d5 2.c4 dxc4 3.Nf3 Nf6 4.e3 e6 5.Bxc4 c5 6.O-O a6 7.a4 Nc6 8.Nc3 Bd6
9.dxc5 Bxc5 10.Qxd8+ Kxd8 11.Nd2 Ke7 12.Nde4 Nxe4 13.Nxe4 Bb4 14.Bd2 Bxd2
15.Nxd2 Bd7 16.Be2 Rac8 17.Nc4 Nb4 18.Rfd1 Rc5 19.Nb6 Bc6 20.Bc4 Rd8 21.b3 Be8
22.Rxd8 Kxd8 23.Rd1+ Ke7 24.Be2 Rc3 25.Bc4 Bc6 26.h4 h6 27.Kh2 Na2 28.Rd4 g5
29.hxg5 hxg5 30.e4 a5 31.e5 Nc1 32.Nc8+ Ke8 33.Nd6+ Kf8 34.Nb5 Rc2 35.Na7 Rxf2
36.Nxc6 bxc6 37.Rd8+ Kg7 38.Ra8 Rb2 39.Rxa5 Nxb3 40.Ra7 Nd4 41.a5 Nf3+ 42.Kg3 Nxe5
43.Bxe6 Kf6 44.Bc8 Rb1 45.Kf2 Rb2+ 46.Kf1 Nc4 47.a6 Nb6 48.Rb7  1/2-1/2

[Event "Solymar op"]
[Site "Solymar"]
[Date "1996.??.??"]
[Round "?"]
[White "Sinkovics, Peter"]
[Black "Sapi, Laszlo"]
[Result "0-1"]
[WhiteElo "2405"]
[BlackElo "2280"]

1.d4 d5 2.Nf3 Nf6 3.c4 dxc4 4.e3 c5 5.Bxc4 e6 6.O-O a6 7.dxc5 Qxd1 8.Rxd1 Bxc5
9.a3 b5 10.Be2 Nbd7 11.Nbd2 Bb7 12.b4 Be7 13.Bb2 Rc8 14.Rac1 O-O 15.Nd4 Nb6
16.Bf3 Bxf3 17.gxf3 Rxc1 18.Rxc1 Rc8 19.Nc6 Bf8 20.Bd4 Nc4 21.Ne5 Nd6 22.Rxc8 Nxc8
23.Nb3 Nd5 24.Kf1 Bd6 25.f4 Ndb6 26.Nc5 f6 27.Ned3 Nc4 28.Nxe6 Nxa3 29.Nec5 Nc2
30.Nxa6 Nxd4 31.exd4 Kf7 32.Nac5 Ne7  0-1

[Event "Solymar op"]
[Site "Solymar"]
[Date "1996.??.??"]
[Round "?"]
[White "Peredy, Ferenc"]
[Black "Sapi, Laszlo"]
[Result "0-1"]
[WhiteElo "2365"]
[BlackElo "2280"]

1.d4 d5 2.c4 dxc4 3.Nf3 Nf6 4.e3 c5 5.Bxc4 e6 6.Qe2 a6 7.dxc5 Bxc5 8.O-O b5
9.Bb3 Bb7 10.Nc3 O-O 11.Rd1 Nbd7 12.h3 Qb6 13.e4 Bb4 14.Be3 Qa5 15.Bd4 Bxc3
16.Bxc3 b4 17.Bxf6 Nxf6 18.Rd4 Rfd8  0-1

[Event "Zhukov mem"]
[Site "Spasskoe"]
[Date "1996.??.??"]
[Round "9"]
[White "Rustemov, Alexander"]
[Black "Legky, Nikolay A"]
[Result "1/2-1/2"]
[WhiteElo "2495"]
[BlackElo "2510"]

1.Nf3 d5 2.d4 Nf6 3.c4 dxc4 4.e3 e6 5.Bxc4 c5 6.O-O Nc6 7.Nc3 Be7 8.d5 exd5
9.Nxd5 Nxd5 10.Bxd5 Qc7 11.e4 O-O 12.Be3 Nb4 13.Bc4 Bg4 14.Rc1 Rad8 15.Qe2 b6
16.h3 Bxf3 17.Qxf3 Nd3 18.Rc2 Ne5 19.Qg3 Bd6 20.Bd5 Nd3 21.f4 Nb4 22.Rd2 Nxd5
23.Rxd5 Be7 24.Rfd1  1/2-1/2

[Event "RUS-Cup1 Chigorin mem"]
[Site "St Petersburg"]
[Date "1996.??.??"]
[Round "2"]
[White "Klimenko, Sergey"]
[Black "Zakharov, Alexander S"]
[Result "0-1"]
[WhiteElo "2345"]
[BlackElo "2340"]

1.d4 d5 2.c4 dxc4 3.Nf3 Nf6 4.e3 e6 5.Bxc4 c5 6.O-O a6 7.Bb3 Nbd7 8.Nc3 b5
9.d5 exd5 10.Nxd5 c4 11.Bc2 Bb7 12.e4 Bc5 13.Bg5 Bxd5 14.exd5 O-O 15.Bf5 Qb6
16.Qc2 h6 17.Bh4 Rfd8 18.Rad1 Nf8 19.Bxf6 Qxf6 20.Be4 Rac8 21.h3 Rc7 22.Nh2 h5
23.Bf3 g6 24.Rfe1 Nd7 25.a3 Nb6 26.Re2 Rcd7 27.Red2 Bd6 28.g3 Be5 29.Bg2 Kg7
30.Qb1 Na4 31.g4 Nxb2 32.g5 Bxh2+ 33.Kh1 Qxg5 34.Qxb2+ Be5 35.Qc2 Qf4 36.Kg1 Bd6
37.a4 Rb8 38.Rd4 Qf6 39.axb5 axb5 40.Re4 Ra7 41.Qb1 Ra3  0-1

[Event "Petrov mem"]
[Site "St Petersburg"]
[Date "1996.??.??"]
[Round "4"]
[White "Rapoport, Igor"]
[Black "Galliamova, Alisa"]
[Result "1/2-1/2"]
[WhiteElo "2260"]
[BlackElo "2480"]

1.d4 d5 2.c4 dxc4 3.Nf3 Nf6 4.e3 e6 5.Bxc4 c5 6.O-O a6 7.b3 Nc6 8.dxc5 Bxc5
9.Bb2 Qe7 10.Nbd2 O-O 11.Rc1 Ba3 12.Qc2 Bd7 13.Bxa3 Qxa3 14.Ne4 Qe7 15.Rfd1 Rfd8
16.Nxf6+ Qxf6 17.Qe4 Be8 18.h4 g6 19.Qf4 Kg7 20.Qxf6+ Kxf6 21.Ng5 h6 22.Ne4+ Ke7
23.Be2 Rxd1+ 24.Rxd1 Nb4 25.a3 Nd5 26.Rc1 Bc6 27.Nd2 Nb6 28.Bf3 Bxf3 29.Nxf3 Rc8
30.Rxc8 Nxc8 31.Kf1 Nb6 32.Ke2 Nd7 33.Nd2 Kd6 34.Kd3 f5 35.Kc3 e5 36.a4 Nf6
37.Nc4+ Kd5 38.f3 b5 39.axb5 axb5 40.Nd2 e4 41.Kb4 exf3 42.gxf3 Kc6 43.e4 fxe4
44.fxe4 g5 45.hxg5 hxg5 46.Kc3 g4 47.Kd4 g3 48.b4 Ng4 49.Nf3 Kd6 50.Nh4 Ke6
51.Ng2 Kd6 52.Nh4 Kc6 53.Ng2 Nh2 54.Ke3 Kd6 55.Kf4 Nf1 56.Nh4 Ke6 57.Ng2 Nd2
58.Nh4 Nb1 59.Ng2 Nd2 60.Nh4 Nf1 61.Ng2 Kf6 62.Nh4 Ke6 63.Ng2  1/2-1/2

[Event "RUS-Cup1 Chigorin mem"]
[Site "St Petersburg"]
[Date "1996.??.??"]
[Round "6"]
[White "Shchukin, Dmitry"]
[Black "Gubanov, Anton"]
[Result "1/2-1/2"]
[WhiteElo "2320"]
[BlackElo "2380"]

1.d4 d5 2.c4 dxc4 3.e3 Nf6 4.Bxc4 e6 5.Nf3 c5 6.O-O Be7 7.Qe2 cxd4 8.Rd1 Nc6
9.exd4 O-O 10.a3 Nd5 11.Nc3 Na5 12.Ba2 Nxc3 13.bxc3 Qc7 14.Bg5 Bxa3 15.c4 Be7
16.Bb1 f6 17.Bd2 Nc6 18.d5 Nd8 19.Ba5 b6 20.d6 Bxd6 21.Bxb6 Qxb6 22.Qe4 f5
23.Qxa8 Nc6 24.Rxd6 Bb7 25.Qxa7 Qxa7 26.Rxa7 Nxa7 27.Rxe6 Rd8 28.Bc2 Be4
29.Ba4 Nc6 30.h4 Bxf3 31.Bxc6 Kf7 32.Bd5 Bxd5 33.cxd5 Rxd5 34.Ra6 f4 35.Ra4 Rf5
36.Kh2 Kg6 37.Kh3 h5 38.g3 fxg3 39.fxg3 Rf8 40.Ra6+  1/2-1/2

[Event "RUS-Cup1 Chigorin mem"]
[Site "St Petersburg"]
[Date "1996.??.??"]
[Round "9"]
[White "Nepomnishay, Mikhail I"]
[Black "Zakharov, Alexander S"]
[Result "1/2-1/2"]
[WhiteElo "2480"]
[BlackElo "2340"]

1.d4 d5 2.c4 dxc4 3.Nf3 Nf6 4.e3 e6 5.Bxc4 c5 6.O-O a6 7.b3 Nc6 8.Bb2 cxd4
9.Nxd4 Bd7 10.Nd2 Be7 11.N2f3 O-O 12.Rc1 Rc8 13.Qd2 b5 14.Be2 Qb6 15.Nxc6  1/2-1/2

[Event "SUI-chT"]
[Site "SUI"]
[Date "1996.??.??"]
[Round "2"]
[White "Kaufmann, Werner"]
[Black "Wolff, Armel David"]
[Result "1/2-1/2"]
[WhiteElo "2280"]
[BlackElo "2225"]

1.d4 d5 2.Nf3 Nf6 3.c4 dxc4 4.e3 c5 5.Bxc4 e6 6.O-O Nc6 7.dxc5 Qxd1 8.Rxd1 Bxc5
9.Nc3 a6 10.b3 O-O 11.Bb2 b5 12.Bd3 Bb7 13.Rac1 Be7 14.a4 b4 15.Ne2 Na5 16.Ned4 Rfc8
17.Ne5 Nd5 18.Nc4 Nxc4 19.Bxc4 Bf6 20.a5 Rc5 21.e4 Nc3 22.Bxc3 bxc3 23.Rxc3 Rd8
24.Rcd3 Bxe4 25.Nxe6 Rxd3 26.Bxd3 fxe6  1/2-1/2

[Event "SUI-chT"]
[Site "SUI"]
[Date "1996.??.??"]
[Round "9"]
[White "Weindl, Alfred"]
[Black "Kamber, Bruno"]
[Result "1-0"]
[WhiteElo "2345"]
[BlackElo "2385"]

1.d4 d5 2.c4 dxc4 3.e3 c5 4.Bxc4 e6 5.Nf3 Nf6 6.O-O a6 7.a4 Nc6 8.Qe2 Be7
9.Rd1 O-O 10.Nc3 Qc7 11.b3 Rd8 12.Bb2 Na5 13.Rac1 Bd7 14.d5 Nxc4 15.bxc4 Re8
16.Qd3 exd5 17.Nxd5 Nxd5 18.cxd5 Qb6 19.Rd2 Bxa4 20.d6 Bb5 21.Qf5 Bxd6 22.Ng5 Bxh2+
23.Kxh2 Qh6+ 24.Kg1 Re7 25.Qxc5 Ree8 26.Qf5 Qh5 27.g4 Qg6 28.Qxg6 hxg6 29.Rc7 f6
30.Nf3 Re4 31.Rd4 Rae8 32.Nd2 Rxd4 33.Bxd4 Bc6 34.Nc4 Bf3 35.g5 Re4 36.Kh2 fxg5
37.Ne5 Be2 38.f3 Rh4+ 39.Kg3 Rh6 40.Rc8+ Kh7 41.Nf7  1-0

[Event "EST-ch (Women)"]
[Site "Tallinn"]
[Date "1996.??.??"]
[Round "6"]
[White "Piarnpuu, Leili"]
[Black "Fomina, Tatyana"]
[Result "1/2-1/2"]
[WhiteElo "2245"]
[BlackElo "2305"]

1.d4 d5 2.c4 dxc4 3.Nf3 Nf6 4.e3 e6 5.Bxc4 c5 6.O-O a6 7.a4 Nc6 8.Qe2 Be7
9.Rd1 Qc7 10.Nc3 O-O 11.h3 Bd7 12.d5 exd5 13.Bxd5 Nb4 14.Bc4 Bc6 15.b3 Ne4
16.Nxe4 Bxe4 17.Bb2 Nc6 18.Rd2 Rad8 19.Rad1 Rxd2 20.Rxd2 h6 21.Bc3 Bd6 22.Bd5 Bxd5
23.Rxd5 Rd8 24.e4 f6  1/2-1/2

[Event "GEO-ch"]
[Site "Tbilisi"]
[Date "1996.??.??"]
[Round "?"]
[White "Supatashvili, Khvicha"]
[Black "Shalamberidze, Akaki"]
[Result "1-0"]
[WhiteElo "2445"]
[BlackElo "2355"]

1.d4 d5 2.c4 dxc4 3.e3 Nf6 4.Bxc4 e6 5.Nf3 c5 6.Qe2 a6 7.dxc5 Bxc5 8.O-O Nc6
9.a3 b5 10.Bd3 Bb7 11.b4 Bd6 12.Bb2 O-O 13.Nbd2 Qe7 14.Rac1 Rfd8 15.Ne4 Nxe4
16.Bxe4 Na7 17.Bb1 e5 18.Rfd1 g6 19.Ba2 Re8 20.h4 Rad8 21.Ng5 Rf8 22.Qg4 h5
23.Qg3 e4 24.Nxf7 Bxg3 25.Ng5+ Rd5 26.Rxd5 Bxf2+ 27.Kh1 Bxd5 28.Bxd5+ Rf7
29.Bxf7+ Kf8 30.Rf1 Qd6 31.Rxf2 Qg3 32.Rf4 Ke7 33.Rxe4+ Kd7 34.Be6+ Kc6 35.Bd4 Qe1+
36.Kh2 Kb7 37.Bd5+ Kb8 38.Re8+  1-0

[Event "Tel Aviv Cup rapid"]
[Site "Tel Aviv"]
[Date "1996.??.??"]
[Round "3"]
[White "Greenfeld, Alon"]
[Black "Lev, Ronen"]
[Result "1/2-1/2"]
[WhiteElo "2560"]
[BlackElo "2465"]

1.d4 d5 2.c4 dxc4 3.e3 Nf6 4.Bxc4 e6 5.Nf3 c5 6.O-O a6 7.Bd3 Nbd7 8.Re1 Be7
9.e4 cxd4 10.e5 Nd5 11.Bc4 N5b6 12.Bf1 O-O 13.Qxd4 Nc5 14.Qg4 f5 15.exf6 Bxf6
16.Bg5 e5 17.Qh4 e4 18.Bxf6 Qxf6 19.Qxf6 gxf6 20.b4 exf3 21.bxc5 Na4 22.Nd2 Nxc5
23.Nxf3 Bd7 24.Rad1 Rfe8 25.Rxe8+ Rxe8 26.Rd5 Rc8 27.Nd4 Be8 28.Rf5 Bf7 29.Rxf6 Ne4
30.Nf5 Nxf6 31.Ne7+ Kf8 32.Nxc8 Bxa2 33.f3 Be6 34.Nd6 b5 35.Kf2 Ke7 36.Nxb5 axb5
37.Bxb5 Kd6 38.g4 Nd5 39.Kg3 Ke5 40.Bd3 h6 41.h4 Nf4  1/2-1/2

[Event "Tel Aviv ASA"]
[Site "Tel Aviv"]
[Date "1996.??.??"]
[Round "3"]
[White "Botvinnik, Ilia"]
[Black "Zifroni, Dov"]
[Result "1/2-1/2"]
[WhiteElo "2350"]
[BlackElo "2490"]

1.d4 d5 2.c4 dxc4 3.Nf3 Nf6 4.e3 e6 5.Bxc4 c5 6.Qe2 a6 7.dxc5 Bxc5 8.O-O b5
9.Bd3 Nc6 10.Nc3 Bb7 11.Bd2 O-O 12.Ne4 Nxe4 13.Bxe4 f5 14.Bxc6 Bxc6 15.Rfd1 Bd5
16.Bc3 Rc8 17.Be5 Bd6 18.b3 Rf7 19.Bg3 Rfc7 20.Nd4 Bxg3 21.hxg3 Qd6 22.Qd2 g6
23.a4 bxa4 24.bxa4 Bb7 25.Qa2 Qd5 26.Qxd5 Bxd5 27.Rab1 Kf7 28.Rb6 Rc1 29.Rxc1 Rxc1+
30.Kh2 Rf1 31.f3 Re1 32.Rxa6 Rxe3 33.Ra7+ Kf6 34.Rxh7 e5 35.Rd7 Be6 36.Nxe6 Kxe6  1/2-1/2

[Event "Terrassa op"]
[Site "Terrassa"]
[Date "1996.??.??"]
[Round "7"]
[White "Izeta Txabarri, Felix"]
[Black "Narciso Dublan, Marc"]
[Result "1-0"]
[WhiteElo "2525"]
[BlackElo "2470"]

1.d4 d5 2.c4 dxc4 3.Nf3 Nf6 4.e3 e6 5.Bxc4 c5 6.Qe2 a6 7.dxc5 Bxc5 8.O-O Qc7
9.Nbd2 Nbd7 10.b3 b6 11.Bb2 Bb7 12.Rac1 Qb8 13.Bd3 O-O 14.Bb1 h6 15.Nc4 Be4
16.Bxe4 Nxe4 17.Nfe5 Nxe5 18.Bxe5 Qb7 19.Qg4 f5 20.Qe2 Rfd8 21.Rfd1 Rd5 22.Rxd5 exd5
23.Nd2 Re8 24.Nf3 Ng5 25.Bg3 Ne4 26.Qd3 a5 27.Be5 Qf7 28.h3 Rd8 29.Nd4 Re8
30.Bf4 g5 31.Bh2 f4 32.exf4 gxf4 33.f3 Qf6 34.Rd1 Nd6 35.Kf1 Re3 36.Qd2 Bb4
37.Qc1 Bc5 38.Ne2 Qh4 39.Bg1 Nf5 40.Rxd5 Rxf3+ 41.gxf3 Qxh3+ 42.Ke1 Bb4+
43.Kf2 Be7 44.Qc8+ Kg7 45.Rd7 Kf6 46.Qc3+  1-0

[Event "CRO-chT"]
[Site "Tucepi"]
[Date "1996.??.??"]
[Round "?"]
[White "Tukmakov, Vladimir B"]
[Black "Varga, Zoltan"]
[Result "1/2-1/2"]
[WhiteElo "2595"]
[BlackElo "2540"]

1.d4 d5 2.c4 dxc4 3.e3 Nf6 4.Bxc4 e6 5.Nf3 c5 6.O-O a6 7.b3 Nc6 8.Bb2 cxd4
9.Nxd4 Nxd4 10.Bxd4 Bd6 11.Nd2 e5 12.Bb2 O-O 13.Bd3 Bb4 14.Nc4 e4 15.Bc2 Bf5
16.Qxd8 Raxd8 17.Rad1 b5 18.Ne5 Rc8 19.Bb1 Rfe8 20.Rc1 Bd6 21.Nc6 Bd7 22.Nd4 Be5
23.h3 b4 24.Rfd1 h5 25.Rd2 Rxc1+ 26.Bxc1 Rc8 27.Rc2 Rxc2 28.Bxc2 Nd5 29.Bxe4 Nc3
30.Nf3 Bf6 31.Bd3  1/2-1/2

[Event "Carl Schlechter mem"]
[Site "Vienna"]
[Date "1996.??.??"]
[Round "4"]
[White "Miniboeck, Guenter"]
[Black "Zoebisch, Herbert"]
[Result "1-0"]
[WhiteElo "2355"]
[BlackElo "2245"]

1.d4 d5 2.c4 dxc4 3.Nf3 Nf6 4.e3 e6 5.Bxc4 c5 6.Qe2 a6 7.dxc5 Bxc5 8.O-O Qc7
9.e4 Ng4 10.e5 Nxf2 11.Nc3 Nd1+ 12.Kh1 Nxc3 13.bxc3 Nc6 14.Ng5 Qxe5 15.Qf3 f5
16.Bf4 Qf6 17.Nxe6 Bxe6 18.Bxe6 Be7 19.Rae1 g5 20.Bc7 f4 21.Bd5 h5 22.Re6 Qf5
23.Rfe1  1-0

[Event "LTU-ch"]
[Site "Vilnius"]
[Date "1996.??.??"]
[Round "9"]
[White "Rocius, Marijonas"]
[Black "Sulskis, Giedrius"]
[Result "0-1"]
[WhiteElo "2250"]
[BlackElo "2050"]

1.d4 d5 2.Nf3 Nf6 3.c4 dxc4 4.e3 e6 5.Bxc4 c5 6.O-O a6 7.Bd3 Nc6 8.Nc3 cxd4
9.exd4 Be7 10.Be3 O-O 11.Rc1 Nb4 12.Bb1 b5 13.Ne5 Bb7 14.f3 Nbd5 15.Bf2 Nxc3
16.bxc3 Rc8 17.Qd3 g6 18.c4 bxc4 19.Nxc4 Bc6 20.Rfd1 Bb5 21.Qb3 Qd5 22.Bd3 Rb8
23.Rb1 Kg7 24.a4 Bxc4 25.Qxc4 a5 26.Bg3 Rbc8 27.Qxd5 Nxd5 28.Rb7 Bf6 29.Be5 Rfd8
30.Bb5 Rc2 31.Re1 Bxe5 32.Rxe5 Nf4 33.Bd7 Rxg2+ 34.Kf1 Rxh2 35.Rxa5 h5 36.Raa7 h4
37.Bc6 Rxd4 38.Rxf7+ Kh6 39.Rxf4 Rd1+  0-1

[Event "AUT-chT9697"]
[Site "Vorarlberg"]
[Date "1996.??.??"]
[Round "?"]
[White "Dellanoi, Guenter"]
[Black "Hillgarter, Christoph"]
[Result "0-1"]
[WhiteElo "1865"]
[BlackElo "1865"]

1.d4 d5 2.c4 dxc4 3.e3 Nf6 4.Bxc4 e6 5.Nf3 c5 6.O-O Nc6 7.Nc3 a6 8.a4 Be7
9.h3 O-O 10.a5 Nxa5 11.Bd3 c4 12.Bc2 b5 13.Ne4 Bb7 14.Nfg5 Nxe4 15.Nxe4 Nc6
16.Bd2 Nb4 17.Bxb4 Bxb4 18.Qh5 h6 19.Qe5 Qe7 20.Qh5 Rac8 21.f4 c3 22.bxc3 Bxc3
23.Nxc3 Rxc3 24.Qe2 Qh4 25.Kh2 Rfc8 26.Bd3 b4 27.f5 exf5 28.Bxf5 Re8 29.Rf4 Qxf4+  0-1

[Event "Werfen op-A"]
[Site "Werfen"]
[Date "1996.??.??"]
[Round "2"]
[White "Krachler, Guenther"]
[Black "Raetsky, Alexander"]
[Result "1/2-1/2"]
[WhiteElo "2165"]
[BlackElo "2455"]

1.d4 d5 2.c4 dxc4 3.e3 c5 4.Nf3 Nf6 5.Bxc4 e6 6.Qe2 a6 7.dxc5 Bxc5 8.O-O b5
9.Bd3 Nbd7 10.e4 Bb7 11.a4 b4 12.a5 O-O 13.Nbd2 e5 14.Nb3 Re8 15.Bg5 h6 16.Bh4 Bf8
17.Rfd1 Qb8 18.Rac1 g5 19.Bg3 Nh5 20.Bb5 axb5 21.Rxd7 Nf4 22.Bxf4 exf4 23.Nxg5 hxg5
24.Qh5 Be7 25.Rxe7 Rxe7 26.Qxg5+ Kf8 27.Qh6+ Kg8 28.Qg5+ Kf8 29.Qh6+ Kg8
30.Qg5+ Kf8  1/2-1/2

[Event "Yalta op"]
[Site "Yalta"]
[Date "1996.??.??"]
[Round "7"]
[White "Guliev, Sarhan"]
[Black "Zakharchenko, Arnold"]
[Result "1-0"]
[WhiteElo "2505"]
[BlackElo "2315"]

1.d4 d5 2.Nf3 Nf6 3.c4 dxc4 4.e3 e6 5.Bxc4 c5 6.O-O a6 7.a4 Nc6 8.Qe2 cxd4
9.Rd1 d3 10.Bxd3 Qc7 11.Na3 Be7 12.Bd2 e5 13.Ng5 Ng4 14.Ne4 f5 15.Ng3 e4
16.Bc4 Nce5 17.Rac1 Qb6 18.Bc3 Bxa3 19.bxa3 Be6 20.Bxe6 Qxe6 21.h3 Nf6 22.Nh5 O-O
23.Nf4 Qe8 24.Bxe5 Qxe5 25.Qa2+ Kh8 26.Ne6 h6 27.Rc5  1-0

[Event "Yalta op"]
[Site "Yalta"]
[Date "1996.??.??"]
[Round "9"]
[White "Nechaev, Andrei"]
[Black "Zakharchenko, Arnold"]
[Result "1/2-1/2"]
[WhiteElo "2240"]
[BlackElo "2315"]

1.d4 d5 2.c4 dxc4 3.e3 Nf6 4.Bxc4 e6 5.Nf3 c5 6.O-O a6 7.Qe2 b5 8.Bb3 Bb7
9.a4 Nbd7 10.axb5 axb5 11.Rxa8 Qxa8 12.Nc3 b4 13.Nb5 Qb8 14.e4 cxd4 15.Nbxd4 Bd6
16.Bxe6 fxe6 17.Nxe6 g6 18.e5 Bxe5 19.Nfg5 Bxh2+ 20.Kh1 Be5 21.f4 h6 22.Nh3 Bd6
23.Nc5+ Kf8 24.Nxd7+ Nxd7 25.Qe6 Rh7 26.f5 g5 27.Rd1 Be5 28.Rxd7 Rxd7 29.Qxd7 Qc8
30.Qd2 Qc6 31.Qxb4+ Kf7 32.Qd2 g4 33.Ng1 Bf4 34.Qe2 Bxc1 35.Qxg4 Bxb2 36.Nf3 Bg7
37.Qf4 Qe4 38.Qc7+ Qe7 39.Qb6 Bf6 40.Kh2 Kg7 41.Qf2 Qd6+ 42.Kh1 Be4 43.Qa7+ Qe7
44.Qa4 Qc7  1/2-1/2

[Event "Yerevan ol (Women)"]
[Site "Yerevan"]
[Date "1996.??.??"]
[Round "3"]
[White "Bobrowska, Monika"]
[Black "Danielian, Elina"]
[Result "1-0"]
[WhiteElo "2325"]
[BlackElo "2330"]

1.d4 d5 2.Nf3 Nf6 3.c4 dxc4 4.e3 e6 5.Bxc4 c5 6.Qe2 a6 7.dxc5 Bxc5 8.O-O Nc6
9.e4 Qc7 10.e5 Nd7 11.Bf4 Nd4 12.Nxd4 Bxd4 13.Rd1 Qc5 14.Nd2 b5 15.Ne4 Qb6
16.Nd6+ Kf8 17.Qh5 g6 18.Qh6+  1-0

[Event "Yerevan ol (Men)"]
[Site "Yerevan"]
[Date "1996.??.??"]
[Round "5"]
[White "Kempinski, Robert"]
[Black "Ruzele, Darius"]
[Result "1-0"]
[WhiteElo "2510"]
[BlackElo "2520"]

1.d4 d5 2.Nf3 Nf6 3.c4 dxc4 4.e3 e6 5.Bxc4 c5 6.O-O a6 7.a4 Nc6 8.Qe2 cxd4
9.Rd1 Be7 10.exd4 O-O 11.Nc3 Nd5 12.Qe4 Nf6 13.Qe2 Nd5 14.h3 Ncb4 15.Bd2 b6
16.Rac1 Bb7 17.Ne4 Bc6 18.Bb3 b5 19.a5 Be8 20.Nc5 Kh8 21.Ne5 Bg5 22.Bxg5 Qxg5
23.Qf3 Kg8 24.Ncd3 Qd8 25.Nxb4 Nxb4 26.Rc5 Ra7 27.Qc3 Nd5 28.Bxd5 exd5 29.Rc8 Qe7
30.Re1 b4 31.Qc1 Qb7 32.Qc5 Qe7 33.Qb6 Qe6 34.Rxe8  1-0

[Event "Yerevan ol (Men)"]
[Site "Yerevan"]
[Date "1996.??.??"]
[Round "6"]
[White "Janjgava, Lasha"]
[Black "Sadler, Matthew"]
[Result "0-1"]
[WhiteElo "2495"]
[BlackElo "2615"]

1.d4 d5 2.Nf3 e6 3.c4 dxc4 4.e3 Nf6 5.Bxc4 c5 6.O-O a6 7.a4 Nc6 8.Qe2 Qc7
9.Nc3 Bd6 10.Rd1 O-O 11.h3 b6 12.d5 exd5 13.Bxd5 Bb7 14.e4 Rae8 15.Be3 Bf4
16.Rac1 h6 17.Bxf4 Qxf4 18.Bxc6 Bxc6 19.Qxa6 Nxe4 20.Qxb6 Re6 21.Nxe4 Bxe4
22.Qb3 Rg6 23.Ne1 Rb8 24.Qc4 Rxb2 25.Qf1 Rb3 26.f3 Bxf3 27.Qf2 Re3 28.Ra1 Kh7
29.a5 Qe4 30.Rd2 Qe5 31.Nxf3 Qxa1+ 32.Kh2 Ra3 33.Qxc5 Rxa5 34.Qc8 Qf6 35.Rd8 Qf4+
36.Kh1 Ra1+ 37.Ng1 Re6 38.Qc2+ Qe4 39.Qc3 Qe1 40.Qd4 Rg6  0-1

[Event "Yerevan ol (Men)"]
[Site "Yerevan"]
[Date "1996.??.??"]
[Round "7"]
[White "Carless, David"]
[Black "Prasad, Devaki V"]
[Result "0-1"]
[WhiteElo "2230"]
[BlackElo "2470"]

1.d4 d5 2.Nf3 Nf6 3.c4 dxc4 4.e3 e6 5.Bxc4 c5 6.O-O a6 7.Bb3 Nc6 8.Qe2 Qc7
9.Nc3 Bd6 10.h3 O-O 11.d5 exd5 12.Nxd5 Nxd5 13.Bxd5 h6 14.Rd1 Ne7 15.Bb3 Nc6
16.Bd2 Bf5 17.Bc3 Rfe8 18.Rac1 Rad8 19.Bd5 Be4 20.Kh1 Bxd5 21.Rxd5 Ne7 22.Rdd1 Ng6
23.b3 Qc6 24.Qb2 Bf8 25.Ne5 Nxe5 26.Bxe5 Rd5 27.Bf4 Red8 28.Qe2 b5 29.Rxd5 Qxd5
30.e4 Qe6 31.Qc2 Rc8 32.b4 c4 33.a3 Rd8 34.e5 Qd5 35.Qf5 Qd3 36.Qg4 Rd4 37.e6 Qe4
38.exf7+ Kxf7 39.Qc8 Qxf4 40.Re1 Kg8  0-1

[Event "Yerevan ol (Women)"]
[Site "Yerevan"]
[Date "1996.??.??"]
[Round "8"]
[White "Kachiani Gersinska, Ketino"]
[Black "Skripchenko, Almira"]
[Result "1-0"]
[WhiteElo "2415"]
[BlackElo "2370"]

1.d4 d5 2.c4 dxc4 3.e3 e6 4.Bxc4 Nf6 5.Nf3 c5 6.Qe2 a6 7.dxc5 Bxc5 8.O-O b5
9.Bd3 Nbd7 10.Nbd2 Bb7 11.a4 b4 12.Rd1 Qc7 13.Nb3 Bd6 14.e4 O-O 15.Bg5 Bf4
16.Bxf4 Qxf4 17.Rac1 a5 18.Bb5 Rfd8 19.Bxd7 Rxd7 20.Rxd7 Nxd7 21.Qb5 Rd8
22.Qxa5 Rb8 23.Qc7 Qxc7 24.Rxc7 Nf6 25.Nc5 Bxe4 26.Nxe4 Nxe4 27.a5 Rd8 28.Kf1 f5
29.a6 h6 30.a7 Kh7 31.Nd4  1-0

[Event "Yerevan op"]
[Site "Yerevan"]
[Date "1996.??.??"]
[Round "8"]
[White "Novikov, Igor A"]
[Black "Sturua, Zurab"]
[Result "1/2-1/2"]
[WhiteElo "2590"]
[BlackElo "2540"]

1.d4 d5 2.c4 dxc4 3.Nf3 Nf6 4.e3 e6 5.Bxc4 c5 6.O-O a6 7.b3 Nc6 8.Bb2 cxd4
9.Nxd4 Nxd4 10.Bxd4 Bd7 11.Nd2 Bc6 12.Be2 Be7 13.Bf3 Bd5 14.Nc4 O-O 15.Rc1 Rc8  1/2-1/2

[Event "Yerevan ol (Men)"]
[Site "Yerevan"]
[Date "1996.??.??"]
[Round "10"]
[White "Nikolaidis, Ioannis"]
[Black "Spangenberg, Hugo"]
[Result "1/2-1/2"]
[WhiteElo "2585"]
[BlackElo "2555"]

1.d4 d5 2.c4 dxc4 3.Nf3 Nf6 4.e3 e6 5.Bxc4 c5 6.O-O a6 7.b3 Nbd7 8.Bb2 b5
9.Be2 Bb7 10.Nbd2 Be7 11.a4 b4 12.Nc4 O-O 13.Rc1 a5 14.Nfe5 cxd4 15.Bxd4 Nxe5
16.Nxe5 Rc8 17.Rxc8 Qxc8 18.Nc4 Bd5 19.Nb6 Qb7 20.Bxf6 Bxf6 21.Nxd5 Qxd5
22.Qxd5 exd5 23.Rd1 Rd8 24.Bb5 Kf8 25.Rd3 Ke7 26.g3 Ke6 27.Bc6 Be7  1/2-1/2

[Event "Yerevan ol (Men)"]
[Site "Yerevan"]
[Date "1996.??.??"]
[Round "10"]
[White "Romanishin, Oleg M"]
[Black "Magem Badals, Jorge"]
[Result "1/2-1/2"]
[WhiteElo "2555"]
[BlackElo "2570"]

1.d4 d5 2.c4 dxc4 3.Nf3 Nf6 4.e3 e6 5.Bxc4 c5 6.O-O a6 7.Bb3 Nc6 8.Nc3 Be7
9.dxc5 Qxd1 10.Rxd1 Bxc5 11.Bd2 Ba7 12.Be1 Ke7 13.e4 Nd7 14.Rac1 Rd8 15.Ne2 Nc5
16.Rxd8 Nxd8 17.Bb4 b6 18.Ne5 Bb7 19.Nc3 Nc6 20.Nxc6+ Bxc6 21.Bxc5+ bxc5
22.Ba4 Bb7 23.Rd1 Rd8 24.Rxd8 Kxd8 25.Kf1 Bb8 26.h3 Be5 27.f3 Ke7 28.Ke2 c4
29.Nd1 Kd6 30.Ne3 Kc5 31.b3 cxb3 32.axb3 a5 33.Be8 Ba6+ 34.Nc4 f5 35.exf5 exf5
36.Kd3 Kb4 37.Kc2 Bxc4 38.bxc4 Kxc4 39.g4 f4 40.h4 Bf6 41.h5 h6 42.Bf7+ Kb4
43.Kb1  1/2-1/2